000 01794nam a2200337Ia 4500
005 20260520141842.0
008 130821s1995 ck gr spa
040 _aCo-BoUCM
_bspa
_cStefania Borbon (Modificó)
_d[Nuevo]
041 _aspa
245 0 0 _aEl delito de hurto :
_bLesiones personales /
_cAntón Vives y otros
260 _aBogotá (Cundinamarca, Colombia)
_aCaracas;
_aPanama;
_aQuito;
_beditorial Jurídica Bolivariana
_c1995
300 _a456 páginas
490 _aEstudios de derecho penal especial
505 _aContenido : El delito de hurto. -- El hurto. -- La cosa mueble ajena. -- Hurtos calificados. -- El hurto simple. -- Hurto agravado. -- El hurto. -- El delito del hurto. -- Robo y hurto de uso de vehículo. -- Los tipos de hurto. -- El bien jurídico en las lesiones. -- Tipos de lesiones. -- Las lesiones. -- Las lesiones en el tratamiento médico quirurgico. -- de las lesiones personalesa. -- Mutilaciones y lesiones. -- El delito de lesiones ante el derecho penal vigente. -- Dictamen médico forense por lesiones personales. -- Tipo de lesiones. -- Incluye índice
650 0 4 _aCriminología
_912152
650 0 4 _aDelitos contra el patrimonio económico
_912569
650 0 4 _aDelitos contra la persona
_912579
650 0 4 _aDerecho penal
_912805
650 0 4 _aDerecho penal
_zColombia
_931080
650 0 4 _aHurto
_917097
650 0 4 _aLesiones corporales
_918420
700 1 _aVives Anton
_9189343
700 1 _aSolarte, Carmen Elisa
_9189344
700 1 _aIrureta Goyena, Jose
_9115339
700 1 _aSoler Sebastian
_9189345
700 1 _aZavala Baquerizo, Jorge
_9189346
700 1 _aFebres Cordero, Hector
_9189347
700 1 _aRaneiri, Silvio
_9189348
942 _cLIBRO
_a8
_e1
_mE77
_2DEWEY
_h364.155
999 _c19879
_d19879